|
|
|
|
| LEADER |
00000nas a2200000 a 4500 |
| 001 |
ssj0006684 |
| 003 |
WaSeSS |
| 005 |
20200512172242.0 |
| 006 |
m d |
| 007 |
cr n |
| 008 |
861111d19861998paubr p s 0 a0eng c |
| 010 |
|
|
|a 87655144
|z sn 87027175
|
| 016 |
|
|
|a (AMICUS)000007165258
|
| 022 |
|
|
|l 1052-2875
|y 1052-2875
|
| 035 |
|
|
|a (WaSeSS)ssj0006684
|
| 037 |
|
|
|b American Society of CLU & ChFC, 270 Bryn Mawr Ave., Bryn Mawr, PA 19010-2195
|
| 040 |
|
|
|a MNR
|b eng
|c MNR
|d NYG
|d DLC
|d NST
|d IUL
|d NST
|d HUL
|d NST
|d EYM
|d NST
|d NSD
|d NST
|d DLC
|d HUL
|d DLC
|d OCL
|d NSD
|d OCLCQ
|d LVB
|d DLC
|d FJM
|d TJC
|d OCLCQ
|d OCLCF
|d DLC
|d OCLCO
|d NLC
|d OCLCQ
|d GILDS
|d OCLCO
|d VNS
|d WaSeSS
|
| 042 |
|
|
|a pcc
|a nsdp
|
| 043 |
|
|
|a n-us---
|
| 050 |
0 |
0 |
|a HG8751
|b .A53
|
| 050 |
|
4 |
|a K10.O82
|b A46
|
| 082 |
0 |
0 |
|a 368.3/2/00973
|2 19
|
| 210 |
0 |
|
|a J. Am. Soc. CLU ChFC
|
| 222 |
|
0 |
|a Journal of the American Society of CLU & ChFC
|
| 245 |
0 |
0 |
|a Journal of the American Society of CLU & ChFC
|h [electronic resource].
|
| 246 |
3 |
|
|a Journal of the American Society of Chartered Life Underwriters and Chartered Financial Consultants
|
| 260 |
|
|
|a Bryn Mawr, PA :
|b The Society,
|c [c1986]-c1998.
|
| 310 |
|
|
|a Bimonthly
|
| 362 |
0 |
|
|a Vol. 40, no. 6 (Nov. 1986)-v. 52, no. 5 (Sept. 1998).
|
| 500 |
|
|
|a Title from cover.
|
| 506 |
|
|
|a License restrictions may limit access.
|
| 650 |
|
0 |
|a Life insurance
|v Periodicals.
|
| 650 |
|
0 |
|a Life insurance
|z United States
|v Periodicals.
|
| 650 |
|
0 |
|a Finance, Personal
|v Periodicals.
|
| 650 |
|
7 |
|a Finance, Personal.
|2 fast
|0 (OCoLC)fst00924449
|
| 650 |
|
7 |
|a Life insurance.
|2 fast
|0 (OCoLC)fst01715858
|
| 650 |
|
6 |
|a Assurance-vie
|v Périodiques.
|
| 650 |
|
6 |
|a Assurance-vie
|z États-Unis
|v Périodiques.
|
| 650 |
|
6 |
|a Finances personnelles
|v Périodiques.
|
| 651 |
|
7 |
|a United States.
|2 fast
|0 (OCoLC)fst01204155
|
| 655 |
|
0 |
|a Electronic journals.
|
| 710 |
2 |
|
|a American Society of CLU & ChFC.
|
| 780 |
0 |
0 |
|t Journal of the American Society of CLU
|x 0742-9517
|w (DLC) 84641496
|w (OCoLC)10353595
|
| 785 |
0 |
0 |
|t Journal of financial service professionals
|x 1537-1816
|w (DLC)sn 99031039
|w (OCoLC)40242176
|
| 850 |
|
|
|a AAP
|a AU
|a ArU
|a AzTeS
|a C
|a CaOWtU
|a DLC
|a ICRL
|a IEN
|a INS
|a IaAS
|a IaU
|a InLP
|a InU
|a KMK
|a KyLoU
|a LU
|a MH-BA
|a MiDW
|a MiEM
|a MiU
|a MiU-L
|a MoU
|a N
|a NRU
|a NSyU
|a NcD-L
|a NcU
|a NmLcU
|a OCU
|a OU
|a OrU
|a PU-W
|a TU
|a TxCM
|a UU
|a ViBlbV
|a ViU
|a WaU
|
| 856 |
4 |
0 |
|z Full text available from Research Library: 11/01/1987 to 09/30/1998
|u https://search.proquest.com/publication/34822
|